CLINICAL EXERCISE : A CASE BASED APPROACH (Record no. 802149)

MARC details
000 -LEADER
fixed length control field 00386pam a2200145 a 4500
020 ## - INTERNATIONAL STANDARD BOOK NUMBER
International Standard Book Number 9780729539418
Terms of availability
041 ## - LANGUAGE CODE
Language code of text/sound track or separate title eng
082 ## - DEWEY DECIMAL CLASSIFICATION NUMBER
Classification number 617.3
Item number CAM
100 ## - MAIN ENTRY--PERSONAL NAME
Personal name CAMERON M . SELIG S . HEMPHILL D . .
245 ## - TITLE STATEMENT
Title CLINICAL EXERCISE : A CASE BASED APPROACH
Medium Textual Documents
260 ## - PUBLICATION, DISTRIBUTION, ETC.
Name of publisher, distributor, etc. ELSEVIER CHIRCHILL
Date of publication, distribution, etc. 2011
300 ## - PHYSICAL DESCRIPTION
Extent 304:
Other physical details XXIII;
Dimensions PB.
650 ## - SUBJECT ADDED ENTRY--TOPICAL TERM
Topical term or geographic name entry element ORTHO
930 ## - EQUIVALENCE OR CROSS-REFERENCE-UNIFORM TITLE HEADING [LOCAL, CANADA]
Uniform title 7622
Holdings
Withdrawn status Lost status Damaged status Not for loan Collection Home library Current library Date acquired Source of acquisition Total Checkouts Full call number Barcode Date due Date last seen Date last checked out Copy number Price effective from Koha item type
          Medical College & Hospital, Sangli Medical College & Hospital, Sangli 19/10/2016 BOOKS FOR MIDWIVES 1 617.3 CAM MCS-13507 01/10/2043 06/10/2023 06/10/2023 1 26/07/2023 Book